000 00639nab a2200193 4500
001 244442
003 OSt
005 20260108122921.0
007 tu
008 260108s2020|||||||
040 _aDE-2950
_cDE-2950
245 0 0 _aObstbauern sind zufrieden
_bErzeuger. Bei der Markendorf Obst eG blickt man zuversichtlich in die Zukunft. Nach einem schwierigen Jahr 2024 haben sich die Erträge wieder gesteigert/
_cThomas Meiler
264 _c2025
653 _aFrankfurt (Oder)
653 _aObstbauern
653 _aErnte
773 0 _g36. Jahrgang (2025) Nr. 294 vom 18.12.2025, S. 13 mit Foto
_tMärkische Oderzeitung
942 _2z
_cA
999 _c374172
_d374172